| 000 | 01540nam a2200265 a 4500 | ||
|---|---|---|---|
| 001 | BRCA_7287 | ||
| 005 | 20190320205800.0 | ||
| 008 | 850430m19311951sp-a#####b---#001-0#spa-d | ||
| 041 | _aspa | ||
| 044 | _asp | ||
| 050 | 4 |
_aN5300 _b.C67 8 1931 |
|
| 100 | 1 |
_aCossío _d1857-1935 _qManuel Pedro Bartolomé Cossío _918030 |
|
| 245 | 1 | 0 |
_aSumma Artis _bhistoria general del arte _cCossío-Pijoán. |
| 260 |
_aEspaña _bEspasa-Calpe _c1931-1951 |
||
| 300 |
_a14 v. _bil. (algunas a color) _c27 cm. |
||
| 500 | _aEnciclopedia inventariada por Banco de México como libro | ||
| 500 | _aVer también AA121, AA122, AA123, D136, D137, D138 y D142 | ||
| 500 | _aN28 | ||
| 504 | _aIncluye referencias bibliográficas e índice | ||
| 505 | 0 | _aContenido: v.1. Arte de los pueblos aborígenes, J.P. -- v.2. Arte del Asia occidental, J.P. -- v.3. El arte egipcio: hasta la conquista romana, J.P. -- v.4. El arte griego, J.P. -- v.5. El arte romano: hasta la muerte de Diocleciano, J.P. -- v.6. El arte prehistórico europeo, J.P. -- v.7. Arte cristiano primitivo. Arte bizantino, J.P. -- v.8. Arte bárbaro y prerrománico, J.P. -- v.9. El arte románico: siglos XI y XII. -- v.10. Arte precolombiano, mexicano y maya. -- v.11. Arte gótico de la Europa occidental. Siglos XIII, XIV y XV. -- v.12. Arte islámico. -- v.13. Arte del periodo humanístico trecento y cuatrocento. -- v.14. Renacimiento romano y veneciano: siglo XVI | |
| 650 | 1 | 4 |
_aArte _xHistoria _918031 |
| 700 | 1 |
_aPijoán, José _d1880-1963 _918032 |
|
| 902 | _aGFM | ||
| 942 |
_2lcc _cB |
||
| 999 |
_c6965 _d6965 |
||